| Tag |
First Indicator |
Second Indicator |
Subfields |
| LEADER |
00000cam a22000004a 4500 |
| 001 |
in00002404921 |
| 005 |
20151109090653.0 |
| 008 |
071221s2008 miuaf b s001 0 eng |
| 010 |
|
|
|a 2007052486
|
| 020 |
|
|
|a 9780472116140 (cloth : acid-free paper)
|
| 020 |
|
|
|a 0472116142 (cloth : acid-free paper)
|
| 035 |
|
|
|a (OCoLC)ocn185123470
|
| 035 |
|
|
|a (OCoLC)185123470
|
| 040 |
|
|
|a DLC
|c DLC
|d BAKER
|d BTCTA
|d C#P
|d YDXCP
|d BWX
|d UtOrBLW
|
| 043 |
|
|
|a n-usu--
|
| 049 |
|
|
|a TXAM
|
| 050 |
0 |
0 |
|a PS173.D65
|b W35 2008
|
| 082 |
0 |
0 |
|a 810.9/352208996073
|2 22
|
| 100 |
1 |
|
|a Wallace-Sanders, Kimberly,
|d 1962-
|
| 245 |
1 |
0 |
|a Mammy :
|b a century of race, gender, and Southern memory /
|c Kimberly Wallace-Sanders.
|
| 264 |
|
1 |
|a Ann Arbor :
|b University of Michigan Press,
|c [2008]
|
| 264 |
|
4 |
|c ©2008
|
| 300 |
|
|
|a xvii, 184 pages, 16 unnumbered pages of plates :
|b illustrations (some color) ;
|c 24 cm.
|
| 336 |
|
|
|a text
|b txt
|2 rdacontent
|
| 337 |
|
|
|a unmediated
|b n
|2 rdamedia
|
| 338 |
|
|
|a volume
|b nc
|2 rdacarrier
|
| 504 |
|
|
|a Includes bibliographical references (pages 163-175) and index.
|
| 505 |
0 |
|
|a The "mammification" of the nation : Mammy and the American imagination -- A love supreme : early characterizations of the mammy -- Bound in black and white : bloodlines, milk lines, and competition in the plantation nursery -- Dishing up Dixie : recycling the Old South -- Reconstructing Mammy at the turn of the century; or, Mark Twain meets Aunt Jemima -- Southern monuments, Southern memory, and the subversive mammy -- Blown away : Gone with the wind and The sound and the fury -- Mammy on my mind.
|
| 650 |
|
0 |
|a American literature
|y 20th century
|x History and criticism.
|
| 650 |
|
0 |
|a Women employees in literature.
|
| 650 |
|
0 |
|a African American women in literature.
|
| 651 |
|
0 |
|a Southern States
|x In literature.
|
| 650 |
|
0 |
|a Stereotypes (Social psychology) in literature.
|
| 650 |
|
0 |
|a African American women in popular culture
|x History
|y 20th century.
|
| 650 |
|
0 |
|a Racism in popular culture
|z United States
|x History
|y 20th century.
|
| 600 |
0 |
0 |
|a Jemima,
|c Aunt.
|
| 856 |
4 |
2 |
|3 Publisher description
|u http://www.loc.gov/catdir/enhancements/fy0812/2007052486-d.html
|t 0
|
| 938 |
|
|
|a Baker & Taylor
|b BKTY
|c 40.00
|d 30.00
|i 0472116142
|n 0007174194
|s active
|
| 938 |
|
|
|a Baker and Taylor
|b BTCP
|n 2007052486
|
| 938 |
|
|
|a YBP Library Services
|b YANK
|n 2571651
|
| 938 |
|
|
|a Blackwell Book Service
|b BBUS
|n R5721437
|c $40.00
|
| 945 |
|
|
|a PromptCat
|b 472918
|
| 946 |
|
|
|a stk
|
| 947 |
|
|
|a A14836713141
|
| 994 |
|
|
|a 92
|b TXA
|
| 948 |
|
|
|a cataloged
|b h
|d 2008/8/6
|h c
|e asalazar
|f 1:13:07 pm
|
| 999 |
|
|
|a MARS
|
| 999 |
f |
f |
|s e5a7072b-9d09-3def-82f1-961a9bab7556
|i e3e6c450-ccc7-3cec-b96e-3ab0ad94d7cc
|t 0
|
| 952 |
f |
f |
|p normal
|a Texas A&M University
|b College Station
|c Sterling C. Evans Library
|s Evans stk
|d Evans: Library Stacks
|t 0
|e PS173.D65 W35 2008
|h Library of Congress classification
|i unmediated -- volume
|m A14836713141
|
| 998 |
f |
f |
|a PS173.D65 W35 2008
|t 0
|l Evans: Library Stacks
|